[Event "Vojvodina-chT2"]
[Site "Vrbas"]
[Date "2011.09.30"]
[Round "8"]
[White "Bogic, Stevan"]
[Black "Erski, Dragan"]
[Result "1/2-1/2"]
[WhiteElo "2202"]
[BlackElo "2167"]
[PlyCount "101"]
[EventDate "2011.09.25"]
[EventType "team-tourn"]
[EventRounds "11"]
[EventCountry "SRB"]
[SourceTitle "CBM 144 Extra"]
[Source "ChessBase"]
[SourceDate "2011.10.28"]
[SourceVersion "1"]
[SourceVersionDate "2011.10.28"]
[SourceQuality "1"]

1. d4 Nf6 2. c4 c5 3. d5 e5 4. Nc3 d6 5. e4 Be7 6. g3 Nbd7 7. Bg2 0-0 8. Nge2 Ne8 9. 0-0 g6 10. a3 Ng7 11. Rb1 f5 12. exf5 gxf5 13. f4 Bf6 14. Kh1 e4 15. Be3 Nb6 16. b3 Bd7 17. Qd2 h5 18. Rfc1 Be8 19. Nd1 Nd7 20. b4 b6 21. bxc5 dxc5 22. Nec3 Bf7 23. Nf2 Ne8 24. Bf1 Nd6 25. Nb5 Qe7 26. Nxd6 Qxd6 27. Be2 Kg7 28. h3 Rh8 29. Rg1 Rag8 30. Rg2 Kf8 31. a4 a5 32. Nd1 Be8 33. Nc3 Nb8 34. Nb5 Bxb5 35. cxb5 Rh7 36. Qd1 Rgh8 37. Kg1 Nd7 38. Bc4 Ke7 39. Kf2 Nf8 40. Qd2 Ng6 41. Rbg1 Kd7 42. Ke2 Qe7 43. Rd1 Kd6 44. Kf1 Rc8 45. Qc2 Qg7 46. Qd2 Qe7 47. Qc2 Qg7 48. Qd2 Bc3 49. Qf2 Bf6 50. Qd2 Qe7 51. Qc2 1/2-1/2